Детские секреты: повести и рассказы

Dades bibliogràfiques
Autor principal: Коршунов М. П. Михаил Павлович
Altres autors: Коровин О. (иллюстратор), Хайкин Д.
Sumari:Исключено из фонда НТБ ТПУ
Idioma:rus
Publicat: Москва, Детская литература, 1978
Format: MixedMaterials Llibre
KOHA link:https://koha.lib.tpu.ru/cgi-bin/koha/opac-detail.pl?biblionumber=248885

MARC

LEADER 00000nam0a2200000 4500
001 248885
005 20231031212704.0
035 |a (RuTPU)RU\TPU\book\270802 
090 |a 248885 
100 |a 20140128d1978 d y0rusy50 ca 
101 0 |a rus 
102 |a RU 
105 |a a z 000ay 
200 1 |a Детские секреты  |e повести и рассказы  |f М. П. Коршунов  |g худож. О. Коровин ; худож. Д. Хайкин 
210 |a Москва  |c Детская литература  |d 1978 
215 |a 255 с.  |c ил. 
333 |a Исключено из фонда НТБ ТПУ 
700 1 |a Коршунов  |b М. П.  |g Михаил Павлович 
702 1 |a Коровин  |b О.  |4 440 
702 1 |a Хайкин  |b Д.  |4 440 
801 1 |a RU  |b 63413507  |c 20140128 
801 2 |a RU  |b 63413507  |c 20220602  |g RCR 
942 |c BK